Otok Vis u vihoru rata 1941-1945 /
Saved in:
| Main Author: | |
|---|---|
| Format: | Book |
| Language: | Croatian |
| Published: |
Vis :
Matica hrvatska,
1997.
|
| Subjects: | |
| Tags: |
Add Tag
No Tags, Be the first to tag this record!
|
| LEADER | 00574nam a22001937a 4500 | ||
|---|---|---|---|
| 001 | 007645686-2 | ||
| 005 | 20020606104010.5 | ||
| 008 | 971202s1997 ci a 00||||hrv|d | ||
| 020 | |a 9539642809 | ||
| 035 | 0 | |a ocm38234103 | |
| 100 | 1 | |a Vlahović, Josip. | |
| 245 | 1 | 0 | |a Otok Vis u vihoru rata 1941-1945 / |c Josip Vlahović. |
| 260 | |a Vis : |b Matica hrvatska, |c 1997. | ||
| 300 | |a 58 p. : |b ill. | ||
| 546 | |a In Serbo-Croatian (roman). | ||
| 651 | 0 | |a Vis Island (Croatia) |x History |y 20th century. | |
| 650 | 0 | |a World War, 1939-1945 |z Croatia |z Vis Island. | |
| 988 | |a 20020608 | ||
| 906 | |0 MH | ||


